Blanco : (Registro nro. 11841)

Detalles MARC
000 -LIDER
fixed length control field 00991nam a22002897a 4500
001 - NÚMERO DE CONTROL
Identificador de número de control 000654
003 - IDENTIFICACDOR DE NÚMERO DE CONTROL
control field DO-SdBNP
005 - DATE AND TIME OF LATEST TRANSACTION
control field 20180207131747.0
007 - CAMPOS FIJOS DE DESCRIPCIÓN FÍSICA
fixed length control field 000654
008 - ELEMENTOS DE LONGITUD FIJA
fixed length control field 161108b 2009 sp a ||||| |||| 00| 0 spa d
020 ## - ISBN
International Standard Book Number 9788466785051
040 ## - FUENTE DE CATALOGACIÓN
Agencia que crea de manera original el registro BPMSU
Idioma de catalogación spa
Agencia que realiza la transcripción BPMSU
082 ## - NÚMERO DE CLASIFICACIÓN DECIMAL DE DEWEY
Classification number xxxx
Item number xxxx
100 1# - ASIENTO PRINCIPAL -- NOMBRE PERSONAL
Nombre personal Solo, Ángel
245 10 - MENCIÓN DE TITULO
Título Blanco :
Subtítulo el libro que nació sin tinta /
Mención de responsabilidad Ángel Solo ; ilustraciones de Maria Espluga.
260 ## - PUBLICACIÓN, DISTRIBUCIÓN, ETC. (PIE DE IMPRENTA)
Lugar de publicación, distribución, etc Madrid :
Nombre del editor, distribuidor, etc. Anaya : Ediciones Autor,
Fecha de publicación, distribución, etc 2009.
300 ## - DESCRIPCIÓN FÍSICA
Extensión 142 p. :
Otros detalles físicos il. ;
Dimensiones 20 cm.
490 1# - MENCIÓN DE SERIES
Mención de serie Sopa de libros. Teatro
Volume/sequential designation 16
500 ## - NOTA GENERAL
Nota general Incluye datos biográficos del autor en la solapa de la cubierta.
500 ## - NOTA GENERAL
Nota general Para niños a partir de los 8 años.
586 ## - AWARDS NOTE
Awards note Accésit Premio SGAE de Teatro Infantil y Juvenil 2008.
700 12 - ASIENTO SECUNDARIO -- NOMBRE PERSONAL
Nombre personal Espluga, Maria,
Fechas asociadas con el nombre 1968-
Mención de responsabilidad il.
830 #0 - ASIENTO SECUNDARIO DE SERIE--TÍTULO UNIFORME
Título uniforme Sopa de libros. Teatro ;
Volume number/sequential designation 16
942 ## - ADDED ENTRY ELEMENTS (KOHA)
Source of classification or shelving scheme Dewey Decimal Classification
Koha item type Libros
945 ## - INFORMACIÓN DE PROCESAMIENTO LOCAL
Información de procesamiento local inventariado, 2018 / dg
956 ## - LOCAL ELECTRONIC LOCATION AND ACCESS (OCLC)
Método de acceso LOPEREZ
Materiales especificados 10
Enlace 20161108
Campo enlazado y núm. de secuencia BPMSU
Nombre de host 00041
Existencias
Withdrawn status Lost status Source of classification or shelving scheme Damaged status Not for loan Collection code Home library Current library Date acquired Source of acquisition Total Checkouts Full call number Barcode Date last seen Price effective from Koha item type
    Dewey Decimal Classification     Colección Infantil General Biblioteca Pública Metropolitana Salomé Ureña Biblioteca Pública Metropolitana Salomé Ureña 11/08/2016 FUNDI   xxxx xxxx BPMSU16110171 11/08/2016 11/08/2016 Libros